000 00406nam a2200157Ia 4500
008 210210b1989 xxu||||| |||| 00| 0 eng d
082 _a535 KHAT
100 _aKHANDELWAL (D P).
245 _aText book of optics and atomic physics. Ed 8.
250 _a
260 _aN D
_bHimalaya Publishing House
_c1989
300 _axvi,463
650 _aOptics Atomic Physics
690 _aOptics
906 _a042770
999 _c92521
_d92521